000 00447nam a2200181Ia 4500
001 18414
005 20260306171629.0
008 260306s9999||||xx |||||||||||||| ||und||
041 _aESP
082 _a658.4038011
_bO26
100 _aO'Brien, James A., 1936-
_eAUT
245 0 _aSistemas de información gerencial
260 _c2006
300 _axxx, 592 pƔginas :
_c27 cm.
650 _aGEN
654 _aCAN
942 _cLIB
_dJUS
_fJUS
_2ddc
_n
999 _c18414
_d18414